Statystyki dla Kraje najbliżej Beninu - 15-sekundowy sprint

Kliknij tutaj aby rozwiązać quiz!

Ogólne statystyki

  • Ten quiz został rozwiązany 19 razy
  • Średni wynik to 5 z 20

Statystyki odpowiedzi

kmkraj% Poprawnych
43Ghana
71%
0Niger
71%
0Nigeria
65%
0Togo
65%
0Burkina Faso
47%
315Côte d'Ivoire
29%
326Mali
29%
1232Sierra Leone
24%
1114Czad
18%
668Kamerun
18%
1340Senegal
18%
1291Republika
Środkowoafrykańska
12%
947Gwinea
6%
857Mauretania
6%
733Algieria
0%
1261Congo
0%
969Gabon
0%
720Gwinea Równikowa
0%
997Liberia
0%
735Wyspy Świętego
Tomasza i Książeca
0%

Rozkład punktacji

Percentyl według liczby udzielonych odpowiedzi

Procent ludzi z każdym wynikiem

Twoja historia wyników

Nie rozwiązałeś tego quizu